[Event "Druzynowe Mistrzostwa Polski Juniorow - I liga"]
[Site "Suchedniow"]
[Date "1899-12-30"]
[Round "1.25"]
[White "Mockun, Dawid"]
[Black "Bilczewski, Kacper"]
[Result "0-1"]
[WhiteTitle "I"]
[BlackTitle "I"]
[WhiteElo "2061"]
[BlackElo "2092"]

1. d4 e6 2. Nf3 b6 3. e4 Bb7 4. Bd3 d5 5. Qe2 Nf6 6. Nbd2 c5 7. c3 Nc6 8. O-O cxd4
9. Nxd4 dxe4 10. Nxe4 Nxd4 11. Nxf6+ Qxf6 12. cxd4 Bd6 13. Bb5+ Ke7 14. Rd1 Bd5
15. Bc4 Bxc4 16. Qxc4 Rhc8 17. Qd3 Qg6 18. Qf3 Kf8 19. Be3 Qf6 20. Qxf6 gxf6 21.
Rac1 Ke7 22. g3 Rxc1 23. Rxc1 Kd7 24. Kf1 Rc8 25. Rxc8 Kxc8 26. Ke2 Kd7 27. Kf3
Kc6 28. Ke4 f5+ 29. Kd3 Kd5 30. a3 b5 31. Bd2 Bc7 32. f3 Bb6 33. Bc3 a5 34. b3
a4 35. b4 f6 36. f4 Bd8 37. Bb2 h5 38. Bc3 Bb6 39. Bb2 Ba7 40. Ba1 Bb6 41. Bb2
Ba7 42. Ba1 e5 43. dxe5 fxe5 44. Bxe5 Bg1 45. h3 Bf2 46. Bf6 Bxg3 47. Bg5 Bf2
48. Bf6 Bb6 49. Be5 Bd8 50. Bc3 Be7 51. Be5 Bf8 52. Bc3 Bh6 53. Be5 h4 54. Bc7
Bg7 55. Bd8 Bb2 56. Bxh4 Bxa3 57. Be7 Bc1 58. Bg5 a3 59. Kc2 a2 60. Bf6 Bxf4 0-1

[Event "Druzynowe Mistrzostwa Polski Juniorow - I liga"]
[Site "Suchedniow"]
[Date "1899-12-30"]
[Round "1.27"]
[White "Rudzinska, Michalina"]
[Black "Ochowicz, Jakub"]
[Result "1-0"]
[WhiteTitle "I++"]
[BlackTitle "I++"]
[WhiteElo "1823"]
[BlackElo "2069"]

1. e4 c5 2. Nf3 d6 3. d4 cxd4 4. Nxd4 Nf6 5. Nc3 Nc6 6. Bc4 e6 7. Be3 Be7 8. Qe2
a6 9. O-O-O Qc7 10. Bb3 b5 11. Nxc6 Qxc6 12. Bd4 Bb7 13. f3 O-O 14. a3 Rac8 15.
g4 Nd7 16. h4 Ne5 17. f4 Nc4 18. f5 Bd8 19. Rh3 Ba5 20. f6 Bxc3 21. Bxc3 Rfd8
22. Re1 d5 23. Bxc4 Qxc4 24. Qd2 Kf8 25. Bb4+ Ke8 26. fxg7 Kd7 27. Rf3 Qa2 28.
Rxf7+ Kc6 29. Qc3+ Qc4 30. exd5+ Kxd5 31. Re5+ Kc6 32. Rxe6+ Kd5 1-0

[Event "Druzynowe Mistrzostwa Polski Juniorow - I liga"]
[Site "Suchedniow"]
[Date "1899-12-30"]
[Round "1.28"]
[White "Polczyk, Mikolaj"]
[Black "Wierzbicki, Michal"]
[Result "0-1"]
[WhiteTitle "I"]
[BlackTitle "I"]
[WhiteElo "1855"]
[BlackElo "1712"]

1. e4 e6 2. d3 d5 3. Nd2 c5 4. Ngf3 Nf6 5. g3 Nc6 6. Bg2 Be7 7. O-O Qc7 8. Re1
b6 9. e5 Nd7 10. Qe2 Bb7 11. h4 O-O-O 12. c4 d4 13. a3 h6 14. h5 Rdg8 15. Nf1
g6 16. hxg6 Rxg6 17. b4 cxb4 18. axb4 Bxb4 19. Bd2 Bc5 20. Bf4 Kb8 21. N1d2 Bb4
22. Red1 Nc5 23. Rab1 a5 24. Nh4 Rgg8 25. Nf5 Nd7 26. Nd6 Bxd6 27. exd6 Qd8 28.
Bxc6 Bxc6 29. Be5 Qh4 30. f3 Nxe5 31. Qxe5 Rxg3+ 32. Kf1 Qh1+ 0-1

[Event "Druzynowe Mistrzostwa Polski Juniorow - I liga"]
[Site "Suchedniow"]
[Date "1899-12-30"]
[Round "1.29"]
[White "Murawko, Julia"]
[Black "Stebel, Agata"]
[Result "1/2-1/2"]
[WhiteTitle "I++"]
[BlackTitle "k"]
[WhiteElo "1792"]
[BlackElo "1791"]

1. e4 d6 2. d4 Nf6 3. Nc3 g6 4. f3 c6 5. Be3 b5 6. Qd2 Nbd7 7. Nge2 Nb6 8. b3 Qc7
9. g4 h5 10. g5 Nfd7 11. a4 bxa4 12. Nxa4 Bg7 13. Ra2 O-O 14. Bg2 Nxa4 15. Rxa4
Nb6 16. Ra2 a5 17. O-O a4 18. Rfa1 Be6 19. Qc3 axb3 20. cxb3 Qb7 21. Nf4 Bd7 22.
Bf1 Rxa2 23. Rxa2 Ra8 24. Qa1 e5 25. Ne2 Be6 26. dxe5 Bxe5 27. Bd4 Rxa2 28. Qxa2
Nd7 29. f4 Bxd4+ 30. Nxd4 Qb6 31. Qd2 Nc5 32. Qe3 Nxb3 33. Nc2 Qxe3+ 34. Nxe3
Nc5 35. Bg2 Kf8 36. Bf3 Ke7 37. Kf1 Ba2 38. f5 Bb1 39. e5 dxe5 40. fxg6 fxg6 41.
Bxc6 Ne6 42. h4 Kd6 43. Be8 Kc5 44. Kf2 Kd4 45. Bf7 Nf4 46. Kf3 Be4+ 47. Kf2 Nh3+
48. Ke2 Kc3 49. Nd1+ Kd4 50. Ne3 Nf4+ 51. Kf2 Nd3+ 52. Ke2 Nb4 53. Kd2 Bd3 54.
Be8 Na6 55. Nc2+ Bxc2 56. Kxc2 Nb4+ 57. Kd2 Nd5 58. Bxg6 Nf4 59. Be8 e4 60. Bb5
e3+ 61. Kd1 Ke4 62. Be2 Ng6 63. Bxh5 Nxh4 64. Ke2 Kf4 65. g6 Nf5 66. Kd3 Ng7 67.
Be2 Nf5 68. Bh5 Ng7 69. Bg4 Ke5 1/2-1/2

[Event "Druzynowe Mistrzostwa Polski Juniorow - I liga"]
[Site "Suchedniow"]
[Date "1899-12-30"]
[Round "1.30"]
[White "Bilczewska, Olga"]
[Black "Wolagiewicz, Kinga"]
[Result "0-1"]
[WhiteTitle "I"]
[BlackTitle "I"]
[WhiteElo "1520"]
[BlackElo "1579"]

1. d4 d5 2. c4 e6 3. Nc3 Nf6 4. cxd5 exd5 5. Bg5 c6 6. e3 Qa5 7. Qc2 Bb4 8. Bd3
Nbd7 9. Nf3 O-O 10. O-O Re8 11. Rac1 Bxc3 12. bxc3 Ne4 13. Bf4 c5 14. c4 cxd4
15. exd4 Nef6 16. Qb3 Qb6 17. Qxb6 axb6 18. Rc2 Ra3 19. Rd1 dxc4 20. Bxc4 Ne4
21. Rdc1 Ra8 22. Bb5 Nef6 23. Ne5 h6 24. Rc7 Nd5 25. Bxd7 Bxd7 26. Rxd7 Nxf4 27.
Kf1 f6 28. Ng4 Rxa2 29. Ne3 Ne6 30. Rxb7 Nxd4 31. Rxb6 f5 32. Rb4 f4 33. Rxd4
fxe3 34. fxe3 Rxe3 35. h4 Ree2 36. g3 Rf2+ 37. Kg1 Rg2+ 38. Kf1 Rxg3 39. Rcd1
Rf3+ 40. Kg1 Rg3+ 41. Kf1 Rh3 42. Kg1 Rah2 43. Rd6 Rh1+ 44. Kg2 Rxd1 45. Rxd1
Rxh4 46. Rd7 Rf4 47. Kg3 Rf7 48. Rd6 Kh7 49. Kg4 g6 50. Re6 h5+ 51. Kh4 Kh6 52.
Kg3 Kg5 53. Re4 Rf5 54. Rd4 Re5 55. Kf3 Rf5+ 56. Kg3 Rc5 57. Kg2 Rc2+ 58. Kg3
Rc3+ 59. Kg2 h4 0-1

[Event "Druzynowe Mistrzostwa Polski Juniorow - I liga"]
[Site "Suchedniow"]
[Date "1899-12-30"]
[Round "2.1"]
[White "Pilzak, Marcin"]
[Black "Bilczewski, Kacper"]
[Result "1/2-1/2"]
[WhiteTitle "k"]
[BlackTitle "I"]
[WhiteElo "2010"]
[BlackElo "2092"]

1. e4 d6 2. d4 Nf6 3. Nc3 e5 4. Nf3 Nbd7 5. Bc4 Be7 6. O-O O-O 7. Re1 c6 8. a4
a5 9. d5 Qc7 10. Ba2 Ne8 11. Be3 g6 12. Ne2 Ng7 13. Bh6 Nf6 14. Ng3 c5 15. h3
Bd7 16. c4 Kh8 17. Nh2 Ng8 18. Bd2 f5 19. exf5 gxf5 20. f4 Bh4 21. Nhf1 e4 22.
Bb1 Bf6 23. Bc3 Bxc3 24. bxc3 Rf6 25. Ne3 Rg6 26. Nh1 Nf6 27. Kh2 Ngh5 28. Rf1
Rag8 29. Qe1 Bc8 30. Ra2 Qg7 31. Re2 Ng3 32. Nxg3 Rxg3 33. Ref2 Nh5 34. Rg1 Qf6
35. Bc2 R3g6 36. Bd1 Ng3 37. Rb2 Qh4 38. Qf2 Qf6 39. Qe1 Qh4 40. Qf2 Qf6 41. Qe1
1/2-1/2

[Event "Druzynowe Mistrzostwa Polski Juniorow - I liga"]
[Site "Suchedniow"]
[Date "1899-12-30"]
[Round "2.3"]
[White "Chrost, Hugo"]
[Black "Ochowicz, Jakub"]
[Result "0-1"]
[WhiteTitle "II"]
[BlackTitle "I++"]
[WhiteElo "1395"]
[BlackElo "2069"]

1. e4 c5 2. Nc3 a6 3. a4 Nc6 4. f4 d6 5. Nf3 e6 6. g3 Nge7 7. Bg2 g6 8. O-O Bg7
9. d3 O-O 10. Be3 Nd4 11. Qd2 Nec6 12. Nd1 Rb8 13. Ne1 b5 14. axb5 axb5 15. Qf2
Qc7 16. c3 Nb3 17. Ra3 b4 18. Ra2 Bd7 19. g4 Ne7 20. Qh4 f6 21. Rf3 h6 22. Rh3
Bc6 23. Bf3 g5 24. Qg3 e5 25. fxg5 fxg5 26. Be2 Ng6 27. Bf1 Qf7 28. Nf3 Nf4 29.
Bxf4 exf4 30. Qg2 d5 31. Ra6 Bb7 32. Rb6 dxe4 33. dxe4 Bxe4 34. Rbxh6 Bxh6 35.
Rxh6 Bxf3 36. Qxf3 Rbe8 37. Qh3 Qd5 38. Rh8+ Kf7 39. Rh7+ Ke6 40. Bd3 Kd6 41.
Qh6+ Qe6 42. Bf5 Qxh6 43. Rxh6+ Kc7 44. Nf2 Nd2 45. Rh7+ Kb6 46. Rh6+ Ka5 47.
Nd3 bxc3 48. bxc3 Re2 49. Nxc5 Nf3+ 50. Kh1 Rb2 51. Bd3 Rf6 52. Rh8 Rf8 53. Rh6
Ra8 54. Be4 Re8 55. Rh7 Rxh2+ 56. Rxh2 Nxh2 57. Nb7+ Kb6 58. Nd6 Re6 59. Kxh2
Rxd6 60. Kg2 Kc5 61. Bb7 Kc4 62. Kf3 Re6 63. Bc8 Re3+ 64. Kf2 Rxc3 65. Bf5 Kd4
66. Ke2 Ke5 67. Kf2 Ra3 68. Bc8 Ra8 69. Bd7 Kd4 70. Be6 0-1

[Event "Druzynowe Mistrzostwa Polski Juniorow - I liga"]
[Site "Suchedniow"]
[Date "1899-12-30"]
[Round "2.5"]
[White "Kostecka, Marika"]
[Black "Stebel, Agata"]
[Result "0-1"]
[WhiteTitle "I++"]
[BlackTitle "k"]
[WhiteElo "1693"]
[BlackElo "1791"]

1. e4 e5 2. Nf3 Nc6 3. Bb5 a6 4. Ba4 Nf6 5. O-O Be7 6. Re1 b5 7. Bb3 O-O 8. c3
d6 9. h3 Na5 10. Bc2 c5 11. d4 cxd4 12. cxd4 Qc7 13. Nbd2 Nc6 14. Nf1 Re8 15.
Be3 Bd7 16. Rc1 Qb7 17. Ng3 h6 18. d5 Na7 19. Nh2 b4 20. Qd2 Bf8 21. Nf3 a5 22.
Nh4 Rac8 23. Nhf5 Kh7 24. Kh1 Nb5 25. f4 Rc7 26. Rf1 Bxf5 27. Nxf5 Nd7 28. Bd3
Rec8 29. Rxc7 Rxc7 30. Rc1 Rxc1+ 31. Qxc1 Na7 32. Qc2 g6 33. Ng3 exf4 34. Bxf4
Nc5 35. Bc4 Nc8 36. Ne2 Qe7 37. Bd3 Bg7 38. b3 Nb6 39. Ng3 Nbd7 40. Bb5 Bc3 41.
Qe2 Nf6 42. Bd3 h5 43. Bg5 Qe5 44. Bxf6 Qxf6 45. Bc2 Be5 46. Nf1 Qh4 47. Kg1 Kg7
48. Qf2 Qg5 49. Qe3 Qf6 50. Qf3 Bd4+ 51. Kh1 Qh4 52. Qg3 Qxg3 53. Nxg3 Be3 54.
Ne2 Kf6 55. g3 Ke5 56. Kg2 Bd2 57. Kf3 Bh6 58. g4 hxg4+ 59. hxg4 Bg5 60. Bb1 a4
61. Bc2 axb3 62. axb3 Bh6 63. Ng3 Kd4 64. Ne2+ Ke5 65. Ng3 Nd7 66. Ne2 Nf6 67.
Ng3 Nh7 68. Kf2 Bf4 69. Ne2 Bd2 70. Ng3 Ng5 71. Kg2 Bf4 72. Ne2 Bd2 73. Ng3 Be1
74. Ne2 Nxe4 75. Kf3 Nc5 76. Nf4 Kd4 77. Ne2+ Kxd5 78. Kf4 Bd2+ 79. Kf3 Ke5 80.
Ng1 d5 81. Ke2 Bh6 82. Nh3 Ne4 83. Nf2 Nf6 84. Nd3+ Kd4 85. Nxb4 Kc3 86. Bxg6
fxg6 87. Nc6 g5 88. Kf3 Bg7 89. b4 Kc4 90. Ne5+ Kxb4 91. Nf7 Ne4 92. Nd8 Kc4 93.
Ne6 Bb2 94. Ke3 Bc1+ 95. Kf3 Nf6 96. Ng7 d4 97. Nf5 Kc3 98. Nd6 d3 99. Nb5+ Kb2
100. Nd4 d2 101. Ke2 Ne4 102. Nf3 Nc3+ 0-1

[Event "Druzynowe Mistrzostwa Polski Juniorow - I liga"]
[Site "Suchedniow"]
[Date "1899-12-30"]
[Round "2.7"]
[White "Niekras, Dawid"]
[Black "Mockun, Dawid"]
[Result "0-1"]
[WhiteTitle "k"]
[BlackTitle "I"]
[WhiteElo "2255"]
[BlackElo "2061"]

1. e4 e6 2. d4 d5 3. Nc3 Nf6 4. e5 Nfd7 5. f4 c5 6. Nf3 Nc6 7. Be3 cxd4 8. Nxd4
Bc5 9. Qd2 a6 10. O-O-O O-O 11. h4 Nxd4 12. Bxd4 b5 13. h5 b4 14. Ne2 Qa5 15.
Kb1 Bb7 16. Rh3 Qb6 17. Qe1 a5 18. Qh4 Ba6 19. Bxc5 Qxc5 20. Nc1 Rfc8 21. c3 Bxf1
22. Rxf1 Qb5 23. Rff3 d4 24. Rfg3 bxc3 25. b3 Qc5 26. Qg4 Qf8 27. a3 Nc5 28. f5
exf5 29. Qxd4 Ne4 30. Re3 Qxa3 31. Re2 c2+ 0-1

[Event "Druzynowe Mistrzostwa Polski Juniorow - I liga"]
[Site "Suchedniow"]
[Date "1899-12-30"]
[Round "2.8"]
[White "Buraczewski, Rafal"]
[Black "Planeta, Wojciech"]
[Result "1-0"]
[WhiteTitle "I++"]
[BlackTitle "I+"]
[WhiteElo "2020"]
[BlackElo "1726"]

1. d4 d6 2. Nf3 Nf6 3. c4 Nbd7 4. Nc3 e5 5. dxe5 dxe5 6. Qc2 c6 7. Bg5 Be7 8. e3
O-O 9. Be2 Ne8 10. Bxe7 Qxe7 11. Nd2 Nb6 12. a3 f5 13. b4 Be6 14. O-O Rd8 15.
Rad1 e4 16. Na4 Qh4 17. Nc5 Bc8 18. Ndb3 Rxd1 19. Rxd1 Rf7 20. a4 Nd7 21. Nxd7
Rxd7 22. Rxd7 Bxd7 23. Qd1 Qe7 24. c5 Kf7 25. Bc4+ Be6 26. Qh5+ g6 27. Qxh7+ Ng7
28. Na5 Bxc4 29. Nxc4 Qf6 30. Nd6+ Ke7 31. g3 Qa1+ 32. Kg2 Qf6 33. Qg8 b5 34.
axb5 cxb5 35. Nc8+ a6 36. Qh7+ 1-0

[Event "Druzynowe Mistrzostwa Polski Juniorow - I liga"]
[Site "Suchedniow"]
[Date "1899-12-30"]
[Round "2.9"]
[White "Zabrzanska, Weronika"]
[Black "Rudzinska, Michalina"]
[Result "0-1"]
[WhiteTitle "I"]
[BlackTitle "I++"]
[WhiteElo "1479"]
[BlackElo "1823"]

1. e4 c5 2. Nf3 e6 3. c3 Nc6 4. d4 cxd4 5. cxd4 Nf6 6. Nc3 Bb4 7. Bd3 d5 8. Bg5
Qa5 9. exd5 Bxc3+ 10. bxc3 Qxc3+ 11. Bd2 Qxd3 12. dxc6 bxc6 13. Rc1 Ba6 14. Be3
Qe4 15. Qa4 Bb5 16. Qc2 Qxc2 17. Rxc2 Nd5 18. Bd2 Ke7 19. Ne5 Rhc8 20. Bc1 f6
21. Ba3+ Ke8 22. Nc4 Bxc4 23. Rxc4 Rab8 24. O-O Rb6 25. Ra4 Rb7 26. Bc5 Rcc7 27.
Rc1 Nc3 28. Rxa7 Ne2+ 29. Kf1 Nxc1 30. Ra8+ Kf7 0-1

[Event "Druzynowe Mistrzostwa Polski Juniorow - I liga"]
[Site "Suchedniow"]
[Date "1899-12-30"]
[Round "2.10"]
[White "Wierzbicki, Michal"]
[Black "Wikar, Martyna"]
[Result "1-0"]
[WhiteTitle "I"]
[BlackTitle "I++"]
[WhiteElo "1712"]
[BlackElo "1759"]

1. d4 d5 2. Nf3 Nf6 3. c4 c6 4. e3 e6 5. Nc3 Nbd7 6. Bd3 dxc4 7. Bxc4 b5 8. Bd3
a6 9. e4 c5 10. d5 c4 11. Bc2 Nc5 12. Qe2 exd5 13. exd5+ Be7 14. Bg5 O-O 15. O-O-O
Bb7 16. Rd4 b4 17. d6 Bxd6 18. Rhd1 Qe7 19. Rxd6 1-0

[Event "Druzynowe Mistrzostwa Polski Juniorow - I liga"]
[Site "Suchedniow"]
[Date "1899-12-30"]
[Round "2.11"]
[White "Leczek, Weronika"]
[Black "Murawko, Julia"]
[Result "0-1"]
[WhiteTitle "I++"]
[BlackTitle "I++"]
[WhiteElo "1668"]
[BlackElo "1792"]

1. e4 c5 2. Nf3 e6 3. d4 cxd4 4. Nxd4 a6 5. Bd3 Nf6 6. O-O Qc7 7. Qe2 d6 8. c4
Nbd7 9. f4 g6 10. f5 e5 11. Nf3 Bg7 12. Nc3 b6 13. Bc2 Bb7 14. b4 Rc8 15. Bb3
O-O 16. fxg6 hxg6 17. Bd2 Nh7 18. g4 Ndf6 19. h3 Qd8 20. Rad1 Ne8 21. Be1 Bf6
22. Bf2 Qc7 23. Na4 b5 24. Nb6 Rb8 25. c5 Ng5 26. Nd5 Bxd5 27. exd5 Nxh3+ 28.
Kg2 Nf4+ 0-1

[Event "Druzynowe Mistrzostwa Polski Juniorow - I liga"]
[Site "Suchedniow"]
[Date "1899-12-30"]
[Round "2.12"]
[White "Wolagiewicz, Kinga"]
[Black "Slusarczyk, Milena"]
[Result "1-0"]
[WhiteTitle "I"]
[BlackTitle "I"]
[WhiteElo "1579"]
[BlackElo "1444"]

1. e4 c5 2. Nf3 d6 3. d4 cxd4 4. Nxd4 Nf6 5. Nc3 a6 6. f3 e5 7. Nb3 Be7 8. Be3
O-O 9. Qd2 Be6 10. g4 d5 11. exd5 Nxd5 12. Nxd5 Bxd5 13. Qe2 b5 14. O-O-O Bg5
15. Kb1 Bxe3 16. Qxe3 Qd6 17. Bd3 Qc6 18. Bxh7+ Kxh7 19. Qd3+ e4 20. Qxd5 Qxd5
21. Rxd5 exf3 22. Rf5 Nc6 23. Rxf3 Ne5 24. Rg3 Rac8 25. Re1 Nc4 26. Rd3 Rfe8 27.
Rc1 Re2 28. Rh3+ Kg6 29. Nd4 Re4 30. Nf3 Re3 31. Rg3 Rce8 32. b3 Ne5 33. Nh4+
Kg5 34. Rxe3 Kxh4 35. h3 f6 36. Rf1 Rd8 37. Rf5 Rh8 38. g5 1-0

[Event "Druzynowe Mistrzostwa Polski Juniorow - I liga"]
[Site "Suchedniow"]
[Date "1899-12-30"]
[Round "2.13"]
[White "Januszkiewicz, Wojciech"]
[Black "Piotrowski, Przemyslaw"]
[Result "0-1"]
[WhiteTitle "I++"]
[BlackTitle "k"]
[WhiteElo "1965"]
[BlackElo "2201"]

1. d4 Nf6 2. Nf3 g6 3. g3 b6 4. Bg2 Bb7 5. O-O d5 6. b3 Bg7 7. c4 Ne4 8. Bb2 O-O
9. cxd5 Bxd5 10. Qc2 f5 11. Nfd2 Nxd2 12. Nxd2 Bxg2 13. Kxg2 Qd5+ 14. Nf3 c6 15.
Rac1 e6 16. Rfe1 Bh6 17. Rcd1 Nd7 18. e4 fxe4 19. Qxe4 Rae8 20. Ne5 Nxe5 21. dxe5
Qxe4+ 22. Rxe4 Rd8 23. Red4 Rd5 24. f4 g5 25. Rxd5 cxd5 26. fxg5 Bxg5 27. Bc1
Be7 28. g4 Rc8 29. Bf4 Ba3 30. Kf2 Rc2+ 31. Rd2 Rc1 32. Re2 Bc5+ 33. Be3 Kg7 34.
Bxc5 bxc5 35. Ke3 Kg6 36. Kd2 Rf1 37. h4 Rf4 38. Rg2 Re4 39. Kd3 Rxe5 40. Rc2
Re4 41. h5+ Kf6 42. Rxc5 Rxg4 43. Rc7 Rg7 44. Rc6 Ke5 45. h6 Rg3+ 46. Kd2 Rh3
47. Rc7 Rxh6 48. Rxa7 Ke4 49. Ra6 Rh2+ 0-1

[Event "Druzynowe Mistrzostwa Polski Juniorow - I liga"]
[Site "Suchedniow"]
[Date "1899-12-30"]
[Round "2.14"]
[White "Kanicki, Krzysztof"]
[Black "Grzesik, Gracjan"]
[Result "1/2-1/2"]
[WhiteTitle "k"]
[BlackTitle "I"]
[WhiteElo "2147"]
[BlackElo "1840"]

1. e4 c5 2. Nf3 d6 3. d4 cxd4 4. Nxd4 Nf6 5. Nc3 a6 6. Be3 e5 7. Nb3 Be6 8. f3
Be7 9. Qd2 O-O 10. O-O-O Qc7 11. g4 Rc8 12. g5 Nh5 13. Nd5 Bxd5 14. exd5 Nd7 15.
Bh3 g6 16. Bg4 Nf4 17. Bxf4 exf4 18. h4 Bf8 19. Rhe1 Re8 20. Qxf4 Bg7 21. h5 Ne5
22. Re4 Nxg4 23. Qxg4 Rxe4 24. Qxe4 Rc8 25. Re1 a5 26. h6 Be5 27. Kb1 a4 28. Nc1
Kf8 29. Qxa4 Bxb2 30. Nd3 Bh8 31. Qb3 Qd7 32. Re4 Qc7 33. c4 Ra8 34. Qb5 Rc8 35.
Kc2 Ra8 36. Kb3 Rc8 37. Kc2 Ra8 38. Kb3 Rc8 39. a3 Ra8 40. a4 Rc8 41. f4 Ra8 42.
Nf2 Rc8 43. Ng4 Qd8 44. a5 Ra8 45. Qb6 Qxb6+ 46. axb6 Re8 47. Rxe8+ Kxe8 48. Nf6+
Bxf6 49. gxf6 Kd8 50. Kc3 Kc8 51. Kd4 Kd8 52. Ke4 Kd7 53. Kf3 Kd8 54. Kg4 Kd7
55. f5 gxf5+ 56. Kxf5 Kd8 57. Ke4 Kd7 58. Kd4 Kd8 59. c5 dxc5+ 60. Kc4 Kc8 61.
Kxc5 Kd7 62. Kc4 Kc8 63. Kb5 Kd8 64. Kb4 Kc8 65. Kc5 Kd7 66. d6 Ke6 67. d7 Kxd7
68. Kd5 Ke8 69. Ke5 Kd7 70. Kd5 Ke8 71. Kd6 Kd8 72. Kc5 Kd7 73. Kd5 1/2-1/2

[Event "Druzynowe Mistrzostwa Polski Juniorow - I liga"]
[Site "Suchedniow"]
[Date "1899-12-30"]
[Round "2.15"]
[White "Luczak, Filip"]
[Black "Baran, Mateusz"]
[Result "1-0"]
[WhiteTitle "I"]
[BlackTitle "II"]
[WhiteElo "1730"]
[BlackElo "1411"]

1. e4 e5 2. Nf3 Nc6 3. Bb5 Bc5 4. O-O Nf6 5. c3 O-O 6. d4 exd4 7. cxd4 Bb4 8. e5
Nd5 9. Qb3 a6 10. Qxd5 axb5 11. Nc3 Bxc3 12. bxc3 Ne7 13. Qxb5 b6 14. Qb3 Bb7
15. Bg5 Bxf3 16. gxf3 h6 17. Bh4 Qe8 18. Bxe7 Qxe7 19. Kh1 Qh4 20. Qc2 Ra3 21.
Rg1 Rfa8 22. Rg4 Qh3 23. Rg3 Qe6 24. Rag1 g5 25. f4 Qc6+ 26. d5 Qxd5+ 27. f3 Rxa2
28. Qf5 Qe6 29. Qe4 R8a4 30. Qe3 Kf8 31. fxg5 Rh4 32. R3g2 Rxg2 33. Rxg2 hxg5
34. Qxg5 Rh3 35. Qd8+ Qe8 36. Rg8+ Kxg8 37. Qxe8+ Kg7 38. Qxd7 Rh4 39. e6 Rf4
40. e7 1-0

[Event "Druzynowe Mistrzostwa Polski Juniorow - I liga"]
[Site "Suchedniow"]
[Date "1899-12-30"]
[Round "2.17"]
[White "Trembowiecka-wysota, Aleksandra"]
[Black "Kalinowska, Karolina"]
[Result "1/2-1/2"]
[WhiteTitle "I"]
[BlackTitle "I"]
[WhiteElo "1493"]
[BlackElo "1544"]

1. d4 d5 2. Nc3 Nf6 3. f3 Nc6 4. e4 dxe4 5. d5 Ne5 6. fxe4 e6 7. Nf3 Nxf3+ 8. Qxf3
exd5 9. Nxd5 Nxd5 10. exd5 Bb4+ 11. c3 Qe7+ 12. Qe3 Bc5 13. Qxe7+ Kxe7 14. Bf4
Bd6 15. Bxd6+ Kxd6 16. O-O-O Re8 17. Bb5 Bd7 18. Bxd7 Kxd7 19. Rhf1 f6 20. Rf3
Re2 21. Rd2 Rae8 22. Rh3 Rxd2 23. Kxd2 Re5 24. Rxh7 Rxd5+ 25. Ke2 Rg5 26. Kf3
Kd6 27. Rh4 Ra5 28. a3 Rb5 29. b4 Rd5 30. Ke3 Rd1 31. a4 Ra1 32. a5 b6 33. axb6
cxb6 34. Rh7 g5 35. Kd4 a5 36. bxa5 Rxa5 37. c4 Rc5 38. Rf7 Rf5 39. g3 Rf2 40.
Rh7 Rf3 41. Ke4 Rc3 42. Kd4 Rf3 43. Ke4 Rc3 44. Kd4 Rf3 45. Ke4 1/2-1/2

[Event "Druzynowe Mistrzostwa Polski Juniorow - I liga"]
[Site "Suchedniow"]
[Date "1899-12-30"]
[Round "2.18"]
[White "Pawicka, Magdalena"]
[Black "Bienko, Jagoda"]
[Result "1-0"]
[WhiteTitle "I"]
[BlackTitle "I"]
[WhiteElo "1600"]
[BlackElo "1384"]

1. e4 c5 2. Nf3 d6 3. d4 cxd4 4. Nxd4 Nf6 5. Nc3 a6 6. f3 e6 7. Be3 Be7 8. Qd2
Qc7 9. g4 Nc6 10. h4 h6 11. O-O-O Ne5 12. Be2 h5 13. g5 Nfd7 14. f4 Nc4 15. Bxc4
Qxc4 16. f5 e5 17. Nb3 a5 18. a4 Ra6 19. Qd5 Qc6 20. Nb5 Qxd5 21. Nc7+ Kd8 22.
Nxd5 Bf8 23. Rd3 b6 24. Nd2 Bb7 25. Nc4 Bxd5 26. Rxd5 Kc7 27. Rhd1 Nc5 28. Nxd6
Bxd6 29. Rxd6 Nxe4 30. Rd7+ Kc6 31. Rxf7 Ng3 32. f6 gxf6 33. Rxf6+ Kc7 34. Rf7+
Kc6 35. Re7 Nf5 36. Rxe5 Nxh4 37. Re6+ Kc7 38. Bf4+ Kc8 39. Rc6+ Kb7 40. Rc7+
Ka8 41. Rd6 Nf5 42. Rf6 Nd4 43. g6 Ne2+ 44. Kb1 Nxf4 45. Rxf4 b5 46. g7 Rb8 47.
Rf8 Rg6 48. Rxb8+ Kxb8 49. Rf7 1-0

[Event "Druzynowe Mistrzostwa Polski Juniorow - I liga"]
[Site "Suchedniow"]
[Date "1899-12-30"]
[Round "2.19"]
[White "Szpar, Milosz"]
[Black "Winiarski, Mikolaj"]
[Result "0-1"]
[WhiteTitle "I++"]
[BlackTitle "k"]
[WhiteElo "2101"]
[BlackElo "2209"]

1. e4 e6 2. d4 d5 3. Nc3 Bb4 4. e5 Ne7 5. Nf3 c5 6. Bd2 cxd4 7. Nb5 Bxd2+ 8. Qxd2
O-O 9. Nbxd4 Nbc6 10. Bd3 Nxd4 11. Nxd4 Nc6 12. Nf3 f5 13. O-O Bd7 14. Rfe1 Rc8
15. Rad1 Be8 16. Qf4 Bh5 17. Be2 Bxf3 18. Bxf3 Na5 19. c3 Kh8 20. h4 Qb6 21. Re2
Rc7 22. h5 h6 23. b4 Nc4 24. g4 g5 25. hxg6 Kg7 26. g5 Rh8 27. Qh4 h5 28. Qf4
Kxg6 29. Rd4 a5 30. Bxd5 exd5 31. Rxd5 Qe6 32. Qd4 Re8 33. Rd6 Nxd6 34. exd6 Qxe2
35. Qf6+ Kh7 36. dxc7 Qg4+ 37. Kh2 Qf4+ 38. Kg2 Qxc7 39. Qxf5+ Kg8 40. Qg6+ Kf8
41. Qh6+ Qg7 42. Qxh5 axb4 43. cxb4 Re5 44. Qf3+ Qf7 45. Qg3 Qd5+ 46. Kh2 Rxg5
47. Qb8+ Kg7 48. Qc7+ Kh6 49. Qb6+ Kh5 0-1

[Event "Druzynowe Mistrzostwa Polski Juniorow - I liga"]
[Site "Suchedniow"]
[Date "1899-12-30"]
[Round "2.20"]
[White "Chylewski, Patryk"]
[Black "Kozak, Antoni"]
[Result "1/2-1/2"]
[WhiteTitle "k"]
[BlackTitle "I+"]
[WhiteElo "2162"]
[BlackElo "2047"]

1. e4 c6 2. d4 d5 3. exd5 cxd5 4. Bd3 Nc6 5. c3 Qc7 6. Ne2 e5 7. dxe5 Nxe5 8. Bb5+
Bd7 9. Bxd7+ Qxd7 10. O-O Nf6 11. Bg5 Ne4 12. Bf4 Nc6 13. Nd2 Nc5 14. Nf3 Be7
15. Ned4 O-O 16. Ne5 Qc8 17. Rc1 Ne6 18. Nf5 Bf6 19. Nxc6 bxc6 20. Bd6 Re8 21.
c4 d4 22. c5 g6 23. Ng3 Bg7 24. Qd3 Nc7 25. Rfd1 Nd5 26. a3 Qb7 27. Rc2 Re6 28.
h3 Rae8 29. Kh2 a6 30. Rdd2 Qb5 31. Rc4 Nf6 32. Rb4 Qxd3 33. Rxd3 Nd5 34. Rb7
h5 35. h4 f5 36. Ra7 f4 37. Nh1 Re1 38. Rxa6 Rb1 39. b4 Ree1 40. Ng3 fxg3+ 41.
Kxg3 Rbc1 42. Ra8+ Kh7 43. Ra7 Kh6 44. Rxd4 Rc3+ 45. f3 Rc2 46. b5 Be5+ 47. Bxe5
Rxe5 48. b6 Rxc5 49. b7 Rb5 50. a4 Rb2 51. Re4 Rxe4 52. fxe4 Nc3 53. a5 Nxe4+
54. Kf4 Nc5 55. a6 Nxa6 56. Rxa6 Rxb7 57. Rxc6 1/2-1/2

[Event "Druzynowe Mistrzostwa Polski Juniorow - I liga"]
[Site "Suchedniow"]
[Date "1899-12-30"]
[Round "2.21"]
[White "Mis, Mieszko"]
[Black "Sanz, Wawer Daniel"]
[Result "1-0"]
[WhiteTitle "I++"]
[BlackTitle "k"]
[WhiteElo "2041"]
[BlackElo "1964"]

1. d4 Nf6 2. Nf3 d5 3. g3 e6 4. Bg2 Be7 5. O-O O-O 6. c4 c6 7. Nbd2 Nbd7 8. b3
b6 9. Bb2 Bb7 10. e3 Rc8 11. Qe2 c5 12. Rfd1 Bd6 13. Ne5 cxd4 14. exd4 Qe7 15.
a3 Nb8 16. Qe3 dxc4 17. bxc4 Bxg2 18. Kxg2 b5 19. Kg1 bxc4 20. Ndxc4 Bxe5 21.
dxe5 Nd5 22. Qe2 Nd7 23. Nd6 Rb8 24. Bd4 N7b6 25. Rac1 Rfd8 26. Qg4 h6 27. Ne4
Rbc8 28. Bc5 Qc7 29. Nd6 Rb8 30. Qf3 f6 31. Bb4 Qd7 32. exf6 gxf6 33. Ne4 Qf7
34. Bc5 Qg6 35. Bd4 e5 36. Bxb6 Rxb6 37. Rc5 f5 38. Nc3 e4 39. Qe2 Rbd6 40. Rcxd5
Rxd5 41. Rxd5 Rxd5 42. Nxd5 Qd6 43. Qc4 Qxa3 44. Qc8+ Kg7 45. Qxf5 1-0

[Event "Druzynowe Mistrzostwa Polski Juniorow - I liga"]
[Site "Suchedniow"]
[Date "1899-12-30"]
[Round "2.22"]
[White "Kokoszczynski, Jan"]
[Black "Kucharski, Bartlomiej"]
[Result "0-1"]
[WhiteTitle "k"]
[BlackTitle "II+"]
[WhiteElo "1927"]
[BlackElo "1742"]

1. e4 c6 2. d4 d5 3. exd5 cxd5 4. Bd3 Nc6 5. c3 Nf6 6. h3 g6 7. Bf4 Bg7 8. Nf3
O-O 9. O-O Bf5 10. Bxf5 gxf5 11. Ne1 Ne4 12. f3 Nd6 13. Bxd6 Qxd6 14. f4 Kh8 15.
Nd3 Qg6 16. Nd2 Rg8 17. Qe2 Bf6 18. Nf3 e6 19. Kh1 Qh5 20. Rae1 Rg3 21. Nc5 b6
22. Nxe6 fxe6 23. Qxe6 Qg6 24. Qxc6 Rg8 25. Ne5 Rxh3+ 0-1

[Event "Druzynowe Mistrzostwa Polski Juniorow - I liga"]
[Site "Suchedniow"]
[Date "1899-12-30"]
[Round "2.23"]
[White "Swiech, Joanna"]
[Black "Olechnicka, Karolina"]
[Result "1-0"]
[WhiteTitle "k"]
[BlackTitle "k++"]
[WhiteElo "1888"]
[BlackElo "1883"]

1. e4 c5 2. Nf3 d6 3. d4 cxd4 4. Qxd4 a6 5. Be3 Nf6 6. Nc3 Ng4 7. Nd5 Nxe3 8. Qxe3
Nd7 9. Bd3 e6 10. Nc3 Be7 11. O-O O-O 12. Ne2 Nc5 13. b4 Nxd3 14. Qxd3 Qb6 15.
a3 Rd8 16. c4 Bd7 17. Rac1 Rac8 18. Rfd1 Be8 19. Ned4 Ba4 20. Re1 Bf6 21. Ne2
Rc7 22. Nc3 Be8 23. Nd1 Rdc8 24. Ne3 h6 25. Red1 Rd8 26. Ng4 Be7 27. Ne3 Ba4 28.
Re1 Qa7 29. h3 Be8 30. Qd4 Qxd4 31. Nxd4 Bf6 32. Rcd1 Ba4 33. Rd3 Bg5 34. Rc1
g6 35. g3 Kf8 36. f4 Bf6 37. Ng4 Bg7 38. Kf2 Ke7 39. Ne3 Rdc8 40. Rb1 Be8 41.
Rbd1 Rd8 42. g4 b6 43. R1d2 Bd7 44. Rd1 Bf6 45. Nf3 Ba4 46. e5 Bxd1 47. exf6+
Kxf6 48. Rxd1 g5 49. fxg5+ hxg5 50. Kg3 Kg6 51. Rd4 Re7 52. Ne5+ 1-0